000 00230nam a22000857a 4500
008 160630b xxu||||| |||| 00| 0 eng d
100 _91532
_a Sharma, O.P
245 _aBasketball Skills & Rules
260 _aNew Delhi
_bKhel Sahitya
_c2005
999 _c1264
_d1264